000 00593cam a22002173a 4500
001 34062
003 PGUSA
005 20140828083733.0
008 101012s2010||||xxu|||||s|||||000 | eng d
040 _aPGUSA
_beng
042 _adc
100 1 _aHarper, Harry,
_d1880-
245 1 0 _aLuftseilerens Skat
_h[electronic resource] /
_cHarry Harper
260 _bProject Gutenberg,
_c2010
506 _aPublic domain in the USA.
516 _aElectronic text
700 1 _aLassen, Helene
830 0 _aProject Gutenberg
_v34062
856 4 0 _uhttp://www.gutenberg.org/ebooks/34062
942 _cEB
999 _c263317
_d263317